000 01039nam a22002537a 4500
005 20150204110829.0
008 120821s2012 ec a b 000 0 spa
020 _a9789942112804
040 _aDLC
_cDLC
_dDLC
_dCo-BoIAVH
041 _aspa
044 _aec
082 0 0 _a338.2098
_bI98f
100 1 _aIzko-Gastón, Javier.
_932560
245 1 3 _aLa frontera invisible :
_bactividades extractivas, infraestructura y ambiente en la Amazonía ecuatoriana, 2010-2030 /
_cXavier Izko; contribución de Mónica Tobar.
260 _aQuito:
_bIniciativa para la Conservación del Área Andina ICAA,
_c2012.
300 _a314 pages :
_bil., (col), mapas ;
_c28 cm
504 _aIncluye referencias bibliográficas (p. 224-243).
650 0 _aIndustria mineral
_xaspectos ambientales
_zEcuador.
_932561
650 0 _aIndustria mineral
_zEcuador.
_932562
651 0 _aRío Amazonas (región)
_xCondiciones ambientales
_932563
700 1 _aTobar, Mónica,
_econtribución.
_932564
700 1 _aTorres, Paulina,
_eeditora.
_91464
942 _2ddc
_cLIBRO
999 _c9044
_d9044